[Event "Canadian zt"]
[Site "Toronto"]
[Date "2024.04.02"]
[Round "10"]
[White "Dukic, Zachary"]
[Black "Noritsyn, Nikolay"]
[Result "1/2-1/2"]
[WhiteElo "2266"]
[BlackElo "2451"]
[PlyCount "106"]
[EventDate "2024.03.27"]
[EventType "team-swiss"]
[EventRounds "10"]
[EventCountry "CAN"]
[SourceTitle "CB15_2024"]
[SourceDate "2024.04.10"]
[SourceVersion "1"]
[SourceVersionDate "2024.04.10"]
[SourceQuality "1"]

1. e4 e5 2. Nf3 d6 3. d4 exd4 4. Nxd4 Nf6 5. Nc3 Be7 6. Bf4 0-0 7. Qd2 Nc6 8. 0-0-0 Nxd4 9. Qxd4 Be6 10. f3 a6 11. g4 b5 12. h4 c5 13. Qe3 b4 14. Na4 Qc7 15. b3 Nd7 16. Qd2 Ne5 17. Bxe5 dxe5 18. Nb2 Rad8 19. Qe1 Rd4 20. Bc4 a5 21. Bxe6 fxe6 22. Qg3 a4 23. Nc4 axb3 24. cxb3 Rxc4+ 25. bxc4 b3 26. axb3 Qa5 27. Kb2 Ra8 28. Qh2 Qa2+ 29. Kc3 Qa5+ 30. Kb2 Qa2+ 31. Kc3 Qa5+ 32. Kd3 Rf8 33. Qe2 Bxh4 34. Ra1 Qb4 35. Kc2 Rb8 36. Qd3 Bf2 37. Ra4 Qb6 38. Rha1 Bd4 39. Ra6 Qd8 40. R1a5 h6 41. Rb5 Ra8 42. Ra4 Qf8 43. Rb7 Kh7 44. Raa7 Rxa7 45. Rxa7 Qf4 46. Rb7 Qh2+ 47. Qd2 Qh1 48. f4 exf4 49. Qxf4 Qg2+ 50. Kd3 Qh3+ 51. Ke2 Qg2+ 52. Kd3 Qh3+ 53. Ke2 Qg2+ 1/2-1/2

[Event "Toronto Excelsior GM 06"]
[Site "Toronto"]
[Date "2023.06.19"]
[Round "2"]
[White "Noritsyn, Nikolay"]
[Black "Nagy, Gabor"]
[Result "1-0"]
[WhiteElo "2462"]
[BlackElo "2468"]
[PlyCount "69"]
[EventDate "2023.06.19"]
[EventType "tourn"]
[EventRounds "9"]
[EventCountry "CAN"]
[EventCategory "5"]
[SourceTitle "CBM 215 Extra"]
[Source "ChessBase"]
[SourceDate "2023.09.30"]
[SourceVersion "1"]
[SourceVersionDate "2023.09.30"]
[SourceQuality "1"]

1. e4 e5 2. Nf3 Nf6 3. d4 Nxe4 4. Bd3 Nc6 5. 0-0 d5 6. dxe5 Be7 7. Nc3 Nxc3 8. bxc3 0-0 9. Re1 Be6 10. Rb1 Rb8 11. Bf4 Re8 12. Qd2 Qd7 13. Bg3 a6 14. Qf4 h6 15. a4 Bf8 16. h4 Ne7 17. Nd4 c5 18. Nxe6 Qxe6 19. c4 b5 20. axb5 axb5 21. cxb5 c4 22. Be2 Rb6 23. h5 g5 24. hxg6 Qxg6 25. Bg4 Qxc2 26. e6 fxe6 27. Bh5 Ng6 28. Qg4 Kf7 29. Bc7 Bc5 30. Rbc1 Qf5 31. Qxf5+ exf5 32. Rxe8 Rxb5 33. Re2 Kg7 34. Re6 Nf8 35. Be5+ 1-0

[Event "CAN Transnational Classic"]
[Site "Montreal"]
[Date "2023.06.11"]
[Round "9"]
[White "Noritsyn, Nikolay"]
[Black "Rodrigue Lemieux, Shawn"]
[Result "1/2-1/2"]
[WhiteElo "2462"]
[BlackElo "2469"]
[PlyCount "24"]
[EventDate "2023.06.06"]
[EventType "swiss"]
[EventRounds "9"]
[EventCountry "CAN"]
[SourceTitle "CBM 214 Extra"]
[Source "ChessBase"]
[SourceDate "2023.07.31"]
[SourceVersion "1"]
[SourceVersionDate "2023.07.31"]
[SourceQuality "1"]

1. e4 c6 2. c4 d5 3. cxd5 cxd5 4. e5 Nc6 5. d4 Bf5 6. Bd3 Bxd3 7. Qxd3 e6 8. Nc3 Nge7 9. Nf3 Nc8 10. 0-0 Be7 11. Ne2 Qd7 12. Ne1 Nb6 1/2-1/2

[Event "CAN Transnational Classic"]
[Site "Montreal"]
[Date "2023.06.10"]
[Round "7"]
[White "Bartel, Mateusz"]
[Black "Noritsyn, Nikolay"]
[Result "1/2-1/2"]
[WhiteElo "2609"]
[BlackElo "2462"]
[PlyCount "63"]
[EventDate "2023.06.06"]
[EventType "swiss"]
[EventRounds "9"]
[EventCountry "CAN"]
[SourceTitle "CBM 214 Extra"]
[Source "ChessBase"]
[SourceDate "2023.07.31"]
[SourceVersion "1"]
[SourceVersionDate "2023.07.31"]
[SourceQuality "1"]

1. Nf3 e6 2. b3 Nf6 3. Bb2 c5 4. c4 Nc6 5. e3 b6 6. g3 Bb7 7. Bg2 Be7 8. 0-0 0-0 9. Nc3 Rc8 10. Rc1 d5 11. cxd5 Nxd5 12. Nxd5 exd5 13. Ne5 Nxe5 14. Bxe5 Bf6 15. Bxf6 Qxf6 16. d4 Rfd8 17. Qd3 g6 18. Rfd1 c4 19. Qd2 b5 20. a4 a6 21. bxc4 bxc4 22. Qa5 Qd6 23. Rb1 Bc6 24. Rb6 Rb8 25. Rxa6 Ra8 26. Ra1 Rxa6 27. Qxa6 Ra8 28. Qb6 Rb8 29. Qa5 Ra8 30. Qb6 Rb8 31. Qa5 Ra8 32. Qb6 1/2-1/2

[Event "CAN Transnational Rapid"]
[Site "Toronto"]
[Date "2023.06.04"]
[Round "5"]
[White "Bartel, Mateusz"]
[Black "Noritsyn, Nikolay"]
[Result "0-1"]
[WhiteElo "2609"]
[BlackElo "2462"]
[PlyCount "56"]
[EventDate "2023.06.03"]
[EventType "swiss (rapid)"]
[EventRounds "11"]
[EventCountry "CAN"]
[SourceTitle "CBM 214 Extra"]
[Source "ChessBase"]
[SourceDate "2023.07.31"]
[SourceVersion "1"]
[SourceVersionDate "2023.07.31"]
[SourceQuality "1"]

1. e4 c5 2. Nf3 e6 3. d4 cxd4 4. Nxd4 a6 5. Nc3 b5 6. Bd3 Bb7 7. 0-0 Nc6 8. Nxc6 Bxc6 9. a4 b4 10. Nb1 Nf6 11. Qe2 a5 12. Nd2 Qc7 13. e5 Nd5 14. Nc4 Be7 15. Bd2 0-0 16. b3 f5 17. exf6 Rxf6 18. Qe5 Qa7 19. Bg5 Raf8 20. Bxf6 Bxf6 21. Qe4 g6 22. Ne5 Ba8 23. Rae1 Bg7 24. Nxg6 hxg6 25. Qxg6 Nf4 26. Qh7+ Kf7 27. Re5 Qd4 28. Rxa5 Bxg2 0-1

[Event "CAN Transnational Rapid"]
[Site "Toronto"]
[Date "2023.06.04"]
[Round "7"]
[White "Neiksans, Arturs"]
[Black "Noritsyn, Nikolay"]
[Result "1-0"]
[WhiteElo "2605"]
[BlackElo "2462"]
[PlyCount "35"]
[EventDate "2023.06.03"]
[EventType "swiss (rapid)"]
[EventRounds "11"]
[EventCountry "CAN"]
[SourceTitle "CBM 214 Extra"]
[Source "ChessBase"]
[SourceDate "2023.07.31"]
[SourceVersion "1"]
[SourceVersionDate "2023.07.31"]
[SourceQuality "1"]

1. e4 e6 2. d3 d5 3. Nd2 c5 4. Ngf3 Nc6 5. g3 Bd6 6. Bg2 Nge7 7. 0-0 0-0 8. Re1 f6 9. c3 Kh8 10. d4 cxd4 11. Nxd4 e5 12. exd5 exd4 13. dxc6 Nxc6 14. Nc4 Be5 15. cxd4 Bxd4 16. Be3 Be6 17. Bxd4 Nxd4 18. Re4 1-0

[Event "CAN Transnational Rapid"]
[Site "Toronto"]
[Date "2023.06.04"]
[Round "6"]
[White "Noritsyn, Nikolay"]
[Black "Bruzon Batista, Lazaro"]
[Result "0-1"]
[WhiteElo "2462"]
[BlackElo "2617"]
[PlyCount "98"]
[EventDate "2023.06.03"]
[EventType "swiss (rapid)"]
[EventRounds "11"]
[EventCountry "CAN"]
[SourceTitle "CBM 214 Extra"]
[Source "ChessBase"]
[SourceDate "2023.07.31"]
[SourceVersion "1"]
[SourceVersionDate "2023.07.31"]
[SourceQuality "1"]

1. e4 c5 2. Nc3 d6 3. Nge2 Nf6 4. g3 Nc6 5. Bg2 g6 6. d3 Bg7 7. 0-0 0-0 8. Bg5 Rb8 9. Qd2 b5 10. a3 Re8 11. Rab1 a6 12. h3 Bb7 13. Bh6 Bh8 14. f4 Nd4 15. Nxd4 cxd4 16. Ne2 e6 17. Kh2 Nd7 18. Rf2 Rc8 19. Rbf1 Qc7 20. Ng1 f5 21. Re1 Nc5 22. Rfe2 fxe4 23. dxe4 e5 24. f5 gxf5 25. exf5 Bf6 26. b4 Na4 27. Bg5 Bh8 28. f6 Bxg2 29. Rxg2 Qf7 30. Re4 Rc7 31. Bh4 Bxf6 32. Rf2 Qd5 33. Rg4+ Bg7 34. Qh6 Qe6 35. Qh5 Rf8 36. Nf3 Rcf7 37. Kg1 Rf5 38. Ng5 Qg6 39. Qxg6 hxg6 40. Rg2 Rf1+ 41. Kh2 Rc1 42. Rd2 Rc8 43. Ne4 R1xc2 44. Rxg6 d5 45. Bf6 dxe4 46. Rxg7+ Kf8 47. Rxc2 Rxc2+ 48. Kg1 e3 49. Rd7 Rc1+ 0-1

[Event "CAN Transnational Rapid"]
[Site "Toronto"]
[Date "2023.06.04"]
[Round "8"]
[White "Preotu, Razvan"]
[Black "Noritsyn, Nikolay"]
[Result "1-0"]
[WhiteElo "2475"]
[BlackElo "2462"]
[PlyCount "127"]
[EventDate "2023.06.03"]
[EventType "swiss (rapid)"]
[EventRounds "11"]
[EventCountry "CAN"]
[SourceTitle "CBM 214 Extra"]
[Source "ChessBase"]
[SourceDate "2023.07.31"]
[SourceVersion "1"]
[SourceVersionDate "2023.07.31"]
[SourceQuality "1"]

1. e4 c5 2. Nf3 e6 3. c3 Nf6 4. e5 Nd5 5. d4 cxd4 6. cxd4 d6 7. Bc4 Nb6 8. Bd3 Bd7 9. 0-0 Bc6 10. Nc3 N8d7 11. Qe2 Be7 12. Rd1 Nd5 13. Ne4 dxe5 14. Nxe5 Nxe5 15. dxe5 Qc7 16. Ng3 0-0-0 17. a3 Kb8 18. Bd2 g6 19. b4 Ba4 20. Rdc1 Qd7 21. Ne4 Nf4 22. Bxf4 Qxd3 23. Qxd3 Rxd3 24. Bg5 Bxg5 25. Nxg5 Rd7 26. Ne4 Bc6 27. Nd6 f6 28. Nc4 Bd5 29. exf6 Bxc4 30. Rxc4 Rf8 31. Rf4 Rdf7 32. Rd1 Rxf6 33. Rxf6 Rxf6 34. Rd7 h5 35. Re7 a5 36. bxa5 Ka7 37. h4 Ka6 38. g3 Kxa5 39. Rxb7 e5 40. Re7 Ka4 41. Rxe5 Kxa3 42. f4 Kb4 43. Kf2 Kc4 44. Ke3 Ra6 45. f5 gxf5 46. Rxf5 Rh6 47. Kf4 Rh8 48. Ke5 Kd3 49. Rg5 Ke3 50. Kf6 Kf3 51. Kg7 Ra8 52. Kg6 Rh8 53. Rxh5 Rg8+ 54. Kf5 Rf8+ 55. Kg6 Rg8+ 56. Kf7 Rxg3 57. Rg5 Rh3 58. h5 Kf4 59. Ra5 Rb3 60. h6 Rb7+ 61. Kg6 Kg4 62. Ra6 Kh4 63. h7 Rb8 64. Ra7 1-0

[Event "CAN-ch"]
[Site "Toronto"]
[Date "2023.04.11"]
[Round "9"]
[White "Noritsyn, Nikolay"]
[Black "Plotkin, Victor"]
[Result "1-0"]
[WhiteElo "2444"]
[BlackElo "2172"]
[PlyCount "105"]
[EventDate "2023.04.06"]
[EventType "swiss"]
[EventRounds "9"]
[EventCountry "CAN"]
[SourceTitle "CBM 213 Extra"]
[Source "ChessBase"]
[SourceDate "2023.05.31"]
[SourceVersion "1"]
[SourceVersionDate "2023.05.31"]
[SourceQuality "1"]

1. e4 e5 2. Nf3 Nf6 3. d4 exd4 4. e5 Ne4 5. Qxd4 d5 6. exd6 Nxd6 7. Nc3 Nc6 8. Qf4 g6 9. Bd2 Bg7 10. 0-0-0 0-0 11. Nb5 Be6 12. Bc3 Bxc3 13. Nxc3 Qe7 14. Re1 Ne8 15. Ng5 Qf6 16. Qxf6 Nxf6 17. Nxe6 fxe6 18. Rxe6 Ng4 19. Bc4 Nxf2 20. Rhe1 Kg7 21. Bd5 Ng4 22. Bxc6 bxc6 23. h3 Nf6 24. Rxc6 Rf7 25. Nb5 Nd5 26. Rc5 Nf4 27. Nxc7 Nxg2 28. Rg1 Nf4 29. Rg4 Raf8 30. Rxf4 Rxf4 31. Ne6+ Kh6 32. Nxf8 Rxf8 33. c4 Rf1+ 34. Kc2 Rf2+ 35. Kc3 Rf3+ 36. Kd4 Rxh3 37. Re5 Rh2 38. c5 Rxb2 39. c6 Rb8 40. Kc5 g5 41. c7 Rg8 42. Rd5 Rc8 43. Kc6 g4 44. Rd8 Rxc7+ 45. Kxc7 Kg5 46. Rg8+ Kh4 47. a4 h5 48. a5 Kg3 49. a6 h4 50. Kb7 h3 51. Kxa7 h2 52. Rh8 Kg2 53. Kb6 1-0

[Event "CAN-ch"]
[Site "Toronto"]
[Date "2023.04.07"]
[Round "2"]
[White "Huang, Youhe"]
[Black "Noritsyn, Nikolay"]
[Result "1/2-1/2"]
[WhiteElo "2068"]
[BlackElo "2444"]
[PlyCount "171"]
[EventDate "2023.04.06"]
[EventType "swiss"]
[EventRounds "9"]
[EventCountry "CAN"]
[SourceTitle "CBM 213 Extra"]
[Source "ChessBase"]
[SourceDate "2023.05.31"]
[SourceVersion "1"]
[SourceVersionDate "2023.05.31"]
[SourceQuality "1"]

1. e4 c5 2. Na3 d6 3. c3 Nf6 4. g3 Nc6 5. Bg2 d5 6. exd5 Nxd5 7. Nf3 e6 8. 0-0 Be7 9. Nc2 0-0 10. d4 Qb6 11. Ne5 cxd4 12. Nxc6 bxc6 13. Nxd4 Ba6 14. Re1 Bc5 15. Qg4 Rfe8 16. Bh6 Bf8 17. Bc1 Rad8 18. Nb3 c5 19. Qa4 Bb5 20. Qa5 Rc8 21. Bd2 Qb8 22. Rac1 Bd3 23. c4 Nb6 24. Bf4 e5 25. Qc3 exf4 26. Qxd3 Qc7 27. Rxe8 Rxe8 28. Rd1 g6 29. Nd2 Bg7 30. b3 Rd8 31. Bd5 fxg3 32. hxg3 Bd4 33. Qf3 Kg7 34. Kg2 Nxd5 35. cxd5 Qe5 36. Nc4 Qxd5 37. Qxd5 Rxd5 38. Re1 Kf8 39. Re2 h5 40. Na5 Rd6 41. Nc4 Ra6 42. Kh3 Rc6 43. f4 Ra6 44. g4 hxg4+ 45. Kxg4 Kg7 46. f5 gxf5+ 47. Kxf5 Rf6+ 48. Kg4 Kf8 49. Na5 Ra6 50. Nc4 Rg6+ 51. Kf5 Rf6+ 52. Kg5 Rf1 53. Nd6 Rg1+ 54. Kf5 Rf1+ 55. Kg5 f6+ 56. Kg6 Rg1+ 57. Kf5 Be5 58. Ne4 Kf7 59. Nxc5 Rg5+ 60. Ke4 Bd6 61. Nd3 Ke6 62. Nf4+ Kd7 63. Nd3 Rh5 64. Rf2 Rh4+ 65. Kd5 Rh5+ 66. Ke4 Ke7 67. Kd4 Bc7 68. Ke4 Bb6 69. Rg2 Rh4+ 70. Kf5 Kf7 71. Nf4 Be3 72. Ng6 Rh5+ 73. Ke4 Bc1 74. Rc2 Bg5 75. Nf4 Rh4 76. Rf2 Bxf4 77. Rxf4 Rh2 78. a4 Rh3 79. Rf5 Rxb3 80. Ra5 Rb7 81. Kf5 Kg7 82. Ra6 Rc7 83. Ra5 Kf7 84. Ra6 Rc5+ 85. Kf4 Rc7 86. Ke4 1/2-1/2

[Event "Toronto Excelsior GM 03"]
[Site "Toronto"]
[Date "2023.03.15"]
[Round "6"]
[White "Noritsyn, Nikolay"]
[Black "Atanasov, Anthony"]
[Result "1-0"]
[WhiteElo "2460"]
[BlackElo "2361"]
[PlyCount "131"]
[EventDate "2023.03.13"]
[EventType "tourn"]
[EventRounds "9"]
[EventCountry "CAN"]
[EventCategory "7"]
[SourceTitle "CBM 213 Extra"]
[Source "ChessBase"]
[SourceDate "2023.05.31"]
[SourceVersion "1"]
[SourceVersionDate "2023.05.31"]
[SourceQuality "1"]

1. c4 Nf6 2. Nc3 e5 3. g3 Bc5 4. Bg2 c6 5. e3 Bb6 6. Nf3 e4 7. Nd4 d5 8. cxd5 cxd5 9. d3 Bg4 10. Qa4+ Bd7 11. Qa3 exd3 12. Ndb5 Bxb5 13. Nxb5 Ba5+ 14. Bd2 Bxd2+ 15. Kxd2 Nc6 16. Nd6+ Kf8 17. Nxb7+ Qe7 18. Qxe7+ Kxe7 19. Nc5 Rab8 20. b3 Rhd8 21. Rhc1 Nb4 22. Rc3 Ng4 23. a3 d4 24. exd4 Nc2 25. Ra2 Nxd4 26. b4 Nxf2 27. Ke1 Ng4 28. Rxd3 Ne5 29. Re3 f6 30. Nd3 Nf5 31. Nxe5 Nxe3 32. Nc6+ Kd6 33. Bf3 Kc7 34. Nxb8 Kxb8 35. Rd2 Re8 36. Kf2 Re7 37. Re2 Nd1+ 38. Ke1 Ne3 39. Kd2 Nc4+ 40. Kc3 Ne5 41. Kb3 Re6 42. Bd5 Rd6 43. Be4 h5 44. a4 a5 45. bxa5 Rd4 46. Bc2 Ka7 47. Re4 Rd5 48. Rh4 Nc6 49. Be4 Nxa5+ 50. Kb4 Rg5 51. Bf3 Rf5 52. Rf4 Re5 53. Rd4 g5 54. Rd7+ Kb6 55. Rd6+ Ka7 56. Bd5 Kb8 57. Kxa5 Kc7 58. Rc6+ Kd7 59. Rc5 Kd6 60. Kb6 f5 61. a5 f4 62. gxf4 gxf4 63. a6 f3 64. a7 f2 65. a8Q f1Q 66. Qd8# 1-0

[Event "Toronto Excelsior GM 03"]
[Site "Toronto"]
[Date "2023.03.13"]
[Round "1"]
[White "Noritsyn, Nikolay"]
[Black "Nagy, Gabor"]
[Result "1/2-1/2"]
[WhiteElo "2460"]
[BlackElo "2497"]
[PlyCount "55"]
[EventDate "2023.03.13"]
[EventType "tourn"]
[EventRounds "9"]
[EventCountry "CAN"]
[EventCategory "7"]
[SourceTitle "CBM 213 Extra"]
[Source "ChessBase"]
[SourceDate "2023.05.31"]
[SourceVersion "1"]
[SourceVersionDate "2023.05.31"]
[SourceQuality "1"]

1. e4 c6 2. c4 d5 3. cxd5 cxd5 4. e5 d4 5. Nf3 Nc6 6. Bc4 e6 7. 0-0 g5 8. Bb5 Bd7 9. d3 g4 10. Bxc6 Bxc6 11. Ng5 Qd5 12. Qxg4 Qxe5 13. Bf4 Qg7 14. Qh3 Ne7 15. Na3 Nd5 16. Bd2 Bb4 17. Bxb4 Qxg5 18. Bd6 0-0-0 19. f4 Qf5 20. Qxf5 exf5 21. Be5 Rhg8 22. g3 h5 23. Nc4 f6 24. Bxd4 h4 25. Na5 hxg3 26. Nxc6 gxh2+ 27. Kh1 bxc6 28. Bxa7 1/2-1/2

[Event "Toronto Excelsior op"]
[Site "Toronto"]
[Date "2023.03.11"]
[Round "3"]
[White "Rusonik, Max"]
[Black "Noritsyn, Nikolay"]
[Result "0-1"]
[WhiteElo "2173"]
[BlackElo "2460"]
[PlyCount "108"]
[EventDate "2023.03.10"]
[EventType "swiss"]
[EventRounds "5"]
[EventCountry "CAN"]
[SourceTitle "CBM 213 Extra"]
[Source "ChessBase"]
[SourceDate "2023.05.31"]
[SourceVersion "1"]
[SourceVersionDate "2023.05.31"]
[SourceQuality "1"]

1. e4 c5 2. Nf3 e6 3. d4 cxd4 4. Nxd4 a6 5. Bd3 Bc5 6. Nb3 Ba7 7. Nc3 Nc6 8. Qe2 Nge7 9. Be3 0-0 10. Bxa7 Rxa7 11. Qe3 b5 12. 0-0-0 Rc7 13. f4 d5 14. e5 Bd7 15. Qh3 Ng6 16. Nd4 Nxd4 17. Bxg6 fxg6 18. Rxd4 a5 19. Ne2 b4 20. Rhd1 g5 21. Qg4 Qc8 22. R1d2 Ba4 23. b3 Be8 24. Qxg5 Bg6 25. Kd1 Rxc2 26. Ke1 Rc3 27. Qe7 Rf7 28. Qg5 Rf5 29. Qe7 Rc7 30. Qh4 Rh5 31. Qg3 Rh6 32. h4 Rh5 33. Qh3 Rf5 34. g4 Rf8 35. h5 Be4 36. Qh4 h6 37. Qg3 Kh8 38. Qh4 Rc3 39. Qe7 Re3 40. Rxe4 Rxe4 41. Kd1 Qe8 42. Qxe8 Rxe8 43. Rc2 Re3 44. Kd2 Rf3 45. Rc6 a4 46. bxa4 Ra3 47. Rb6 Rxa2+ 48. Ke3 Ra3+ 49. Kd4 Rxa4 50. Kc5 b3 51. Rxb3 Rd8 52. Rb4 Rc8+ 53. Kb5 Rxb4+ 54. Kxb4 Rc4+ 0-1

[Event "Olympiad-44"]
[Site "Chennai"]
[Date "2022.08.08"]
[Round "10.3"]
[White "Mekhitarian, Krikor Sevag"]
[Black "Noritsyn, Nikolay"]
[Result "1-0"]
[WhiteElo "2542"]
[BlackElo "2482"]
[PlyCount "87"]
[EventDate "2022.07.29"]
[EventType "team-swiss"]
[EventRounds "11"]
[EventCountry "IND"]
[SourceTitle "CBM 210"]
[Source "ChessBase"]
[SourceDate "2022.10.31"]
[SourceVersion "1"]
[SourceVersionDate "2022.10.31"]
[SourceQuality "1"]
[WhiteTeam "Brazil"]
[BlackTeam "Canada"]
[WhiteTeamCountry "BRA"]
[BlackTeamCountry "CAN"]

1. d4 e6 2. c4 f5 3. Nc3 Nf6 4. a3 Be7 5. e3 0-0 6. Bd3 c5 7. dxc5 Bxc5 8. b4 Be7 9. Bb2 a5 10. b5 d6 11. Nf3 Nbd7 12. Na4 Ne4 13. Bxe4 fxe4 14. Nd2 Nf6 15. 0-0 Bd7 16. Rc1 d5 17. Qb3 Be8 18. c5 Rc8 19. Bd4 Bh5 20. Nb6 Rc7 21. a4 Bf7 22. Qb2 e5 23. Bc3 Bxc5 24. Bxa5 Qd6 25. Nxd5 Bxd5 26. Bxc7 Qxc7 27. Nb3 b6 28. Nxc5 bxc5 29. b6 Qc6 30. a5 Ra8 31. Ra1 Nd7 32. Rfd1 Rb8 33. Qd2 Nf6 34. Qc3 Nd7 35. Rd2 Ra8 36. h3 Kf7 37. Rad1 Nf6 38. Rb1 Nd7 39. b7 Rb8 40. a6 Be6 41. Qa5 c4 42. a7 c3 43. Rxd7+ Qxd7 44. axb8Q 1-0